000 00407nam a2200145Ia 4500
008 210210b1977 xxu||||| |||| 00| 0 eng d
082 _a346.0682 BULL
100 _aBULCHANDANI (K R).
245 _aLaw of partnership (The Indian partnership act ,1932).
260 _aBombay
_bHimalaya Publishing House
_c1977
300 _a104
650 _aPartnership law
690 _aCompany Law
906 _aSG01763
999 _c113246
_d113246